Govt. of
Madhya Pradesh

Gulab Singh 1792-1858 Founder of Kashmir (Record no. 68612)

MARC details
000 -LEADER
fixed length control field 00263nam a22001097a 4500
082 ## - DEWEY DECIMAL CLASSIFICATION NUMBER
Classification number 920/PAN
100 ## - MAIN ENTRY--AUTHOR NAME
Personal name Panikkar,K.M.
245 ## - TITLE STATEMENT
Title Gulab Singh 1792-1858 Founder of Kashmir
260 ## - PUBLICATION, DISTRIBUTION, ETC. (IMPRINT)
Place of publication Delhi
Name of publisher LG Pub.
Year of publication 1930
650 ## - SUBJECT ADDED ENTRY--TOPICAL TERM
Topical Term Bioraphy
942 ## - ADDED ENTRY ELEMENTS (KOHA)
Koha item type Books
Holdings
Withdrawn status Lost status Damaged status Not for loan Home library Current library Date acquired Cost, normal purchase price Full call number Accession Number Price effective from Koha item type
        MACL MACL 11/02/2026 550.00 920/PAN CRE040385 11/02/2026 Books